00393nam a22001457a 450000500170000002000290001703700170004608200140006310000220007724500530009925000140015226000450016627000140021130000220022520100913112114.0 a9780198661986c₤ 13.99 bPansy Books  a796.35803 aRundell, Michael  aThe dictionary of circket /cby Michael Rundell  a2nd. ed.  aNew York bOxford University Pressc1995 bNew York  a218p. c24cm(Hb)